Questions aléatoires de géographie - 10 - Statistiques

Statistiques générales
  • Ce quiz a été pris 135 fois
  • Le résultat moyen est 8 sur 15
Statistiques - réponses
Indice Réponse % Correct
Quelle enclave britannique en Espagne est connue pour son rocher et son détroit ? Gibraltar
91%
Dans quel fleuve se jette l'Yonne ? la Seine
84%
Quel est le point culminant de l'Afrique ? le Kilimandjaro
74%
Quel drapeau comprend historiquement 14 bandes pour ses 14 états, malgré l'exclusion de Singapour de sa fédération en 1965 ? le drapeau de Malaisie
69%
Quel pays africain est une ancienne colonie des Etats-Unis ? le Libéria
62%
Quelle était la capitale de la RFA, la république fédérale allemande ? Bonn
61%
A quel pays appartiennent les îles Galápagos ? l Équateur
57%
Quelle est la capitale des Bahamas ? Nassau
54%
Quelle enclave espagnole au Maroc fait face à la ville de Cadix ? Ceuta | Melilla
53%
Quelle île occidentale grecques ne se traduit pas en français par bodycrazy ? l île de Corfou
47%
Quelle ville possède le Dreiländereck, symbolisant le tripoint entre la Suisse, la France et l'Allemagne ? Bâle
46%
Quelle langue s'appelle "Euskara" ? la langue basque
41%
Quel lac d'Afrique est partagé par le Cameroun, le Tchad, le Niger et le Nigeria ? le lac Tchad
27%
Quelle péninsule est partagée entre la Croatie, la Slovénie et l'Italie ? l Istrie
9%
Quel désert afghan est habité par les peuples baloutches et pachtounes ? le désert du Registan
3%
Aucun quiz correspondant
Distribution des résultats
% des personnes avec chaque résultat
Percentile par nombre de réponses
Votre historique - résultats
Vous n’avez pas pris ce quiz